00675nam a2200145Ia 4500008004100000050002400041100002800065245018200093260008600275300002000361521001500381942000700396999001900403952010700422140724s9999 xx 000 0 und d aHF 5381b.G163 2013 aGallardo, Jannabelle O. aParents' parenting styles and academic performance of selected high and low college academic achievers of Southville International School and Colleges /cJannabelle O. Gallardo. aLas Piñas, Philippines :bSouthville International School and Colleges,cc2013. a63 p. :c28 cm. aPsychology cTH c229297d229297 001040aCLbCLcTHESESd2014-07-24l0oHF 5381 .G163 2013pT0651r2018-05-15 00:00:00w2014-07-24yTH